L’image nous embarque (notice n° 1586627)

détails MARC
000 -LEADER
fixed length control field 01883cam a2200277 4500500
005 - DATE AND TIME OF LATEST TRANSACTION
control field 20251228055907.0
041 ## - LANGUAGE CODE
Language code of text/sound track or separate title fre
042 ## - AUTHENTICATION CODE
Authentication code dc
100 10 - MAIN ENTRY--PERSONAL NAME
Personal name Grimaud, Lin
Relator term author
245 00 - TITLE STATEMENT
Title L’image nous embarque
260 ## - PUBLICATION, DISTRIBUTION, ETC.
Date of publication, distribution, etc. 2020.<br/>
500 ## - GENERAL NOTE
General note 61
520 ## - SUMMARY, ETC.
Summary, etc. Les professionnels de la relation d’aide ont toujours affaire à des personnes en situation. C’est-à-dire organisées en rapport à un ensemble d’arrière-plans, de contextes. Raconter d’où vient une image photographique nous introduit ici à la méthode de l’analyse situationnelle, véritable impératif méthodologique en travail social. La mise en images des vécus professionnels médiatise cette approche contextuelle en permettant notamment d’analyser les défenses projectives dans l’équipe. Le compte rendu du travail d’un groupe d’analyse des pratiques illustre le propos.
520 ## - SUMMARY, ETC.
Summary, etc. Professionals involved in the therapeutic relationship constantly have to deal with people in relation to a situation, that is to say, within a set of backgrounds and contexts. Describing the origins of a photographic image is used here as an introduction to the method of situational analysis, a vital methodology in social work. The visualization of professional experiences mediates this contextual approach by facilitating the analysis of projective defenses within the team. An account of the work of a practice analysis group is used to illustrate the point.
690 ## - LOCAL SUBJECT ADDED ENTRY--TOPICAL TERM (OCLC, RLIN)
Topical term or geographic name as entry element analyse situationnelle
690 ## - LOCAL SUBJECT ADDED ENTRY--TOPICAL TERM (OCLC, RLIN)
Topical term or geographic name as entry element image
690 ## - LOCAL SUBJECT ADDED ENTRY--TOPICAL TERM (OCLC, RLIN)
Topical term or geographic name as entry element médiation
690 ## - LOCAL SUBJECT ADDED ENTRY--TOPICAL TERM (OCLC, RLIN)
Topical term or geographic name as entry element vécu
690 ## - LOCAL SUBJECT ADDED ENTRY--TOPICAL TERM (OCLC, RLIN)
Topical term or geographic name as entry element experience
690 ## - LOCAL SUBJECT ADDED ENTRY--TOPICAL TERM (OCLC, RLIN)
Topical term or geographic name as entry element image
690 ## - LOCAL SUBJECT ADDED ENTRY--TOPICAL TERM (OCLC, RLIN)
Topical term or geographic name as entry element mediation
690 ## - LOCAL SUBJECT ADDED ENTRY--TOPICAL TERM (OCLC, RLIN)
Topical term or geographic name as entry element situational analysis
700 10 - ADDED ENTRY--PERSONAL NAME
Personal name Belondrade, Jean
Relator term author
786 0# - DATA SOURCE ENTRY
Note Empan | 119 | 3 | 2020-09-03 | p. 111-121 | 1152-3336
856 41 - ELECTRONIC LOCATION AND ACCESS
Uniform Resource Identifier <a href="https://shs.cairn.info/revue-empan-2020-3-page-111?lang=fr&redirect-ssocas=7080">https://shs.cairn.info/revue-empan-2020-3-page-111?lang=fr&redirect-ssocas=7080</a>

Pas d'exemplaire disponible.

PLUDOC

PLUDOC est la plateforme unique et centralisée de gestion des bibliothèques physiques et numériques de Guinée administré par le CEDUST. Elle est la plus grande base de données de ressources documentaires pour les Étudiants, Enseignants chercheurs et Chercheurs de Guinée.

Adresse

627 919 101/664 919 101

25 boulevard du commerce
Kaloum, Conakry, Guinée

Réseaux sociaux

Powered by Netsen Group @ 2025